| Tag |
First Indicator |
Second Indicator |
Subfields |
| LEADER |
00000nam a2200000Ia 4500 |
| 001 |
in00004266314 |
| 005 |
20200810073142.0 |
| 006 |
m g d |
| 007 |
cr bn |||a|bb| |
| 008 |
850710s1670 enk o 00| | eng d |
| 035 |
|
|
|a (OCoLC)12247759
|
| 040 |
|
|
|a EAA
|c EAA
|d m/c
|d WaOLN
|
| 037 |
|
|
|a CL0037000018
|b ProQuest Information and Learning. 300 N. Zeeb Rd., Ann Arbor, MI 48106
|
| 043 |
|
|
|a e-uk-en
|
| 049 |
|
|
|a UMIA
|
| 100 |
1 |
|
|a Calthrop, Henry,
|c Sir,
|d 1586-1637.
|
| 245 |
1 |
0 |
|a Reports of special cases touching several customes and liberties of the city of London /
|c collected by Sir H. Calthrop ... ; whereunto is annexed divers ancient customes and usages of the said city of London.
|
| 260 |
|
|
|a London :
|b Printed for Abel Roper ...,
|c 1670.
|
| 300 |
|
|
|a 1 online resource ([8], 32, [48], 33-206 pages)
|
| 336 |
|
|
|a text
|b txt
|2 rdacontent
|
| 337 |
|
|
|a computer
|b c
|2 rdamedia
|
| 338 |
|
|
|a online resource
|b cr
|2 rdacarrier
|
| 500 |
|
|
|a Includes bibliographical references.
|
| 500 |
|
|
|a Added t.p. on pages [77]: Whereunto is annexed divers ancient customs, and usages of the said city of London. Newly re-printed. London : Printed for Abel Roper ..., 1670.
|
| 500 |
|
|
|a Reproduction of original in Bodleian Library.
|
| 510 |
4 |
|
|a Wing
|c C311
|
| 533 |
|
|
|a Electronic reproduction.
|b Ann Arbor, Mich. :
|c UMI,
|d 1999-
|f (Early English books online)
|n Digital version of: (Early English books, 1641-1700 ; 623:2)
|7 s1999 miun s
|
| 650 |
|
0 |
|a Customary law
|z England
|z London.
|
| 650 |
|
0 |
|a Law reports, digests, etc.
|z England
|z London.
|
| 651 |
|
0 |
|a London (England)
|v Charters, grants, privileges.
|
| 830 |
|
0 |
|a Early English books online.
|
| 856 |
4 |
0 |
|u http://proxy.library.tamu.edu/login?url=https://search.proquest.com/docview/2240942814
|z Connect to the full text of this electronic book
|t 0
|
| 999 |
f |
f |
|s ee38366c-6a1f-3402-b6ff-a2e2f43cd807
|i 264dc127-7c5a-3d20-beca-96bef68712ab
|t 0
|
| 952 |
f |
f |
|a Texas A&M University
|b College Station
|c Electronic Resources
|d Available Online
|t 0
|h No information provided
|
| 998 |
f |
f |
|t 0
|l Available Online
|